Servicio público y técnicas de conexión / (Record no. 141231)

MARC details
000 -LEADER
campo de control de longitud fija 00880nam a2200253 i 4500
001 - NÚMERO DE CONTROL
campo de control 141231
003 - IDENTIFICADOR DE NÚMERO DE CONTROL
campo de control ES-MaACL
005 - FECHA Y HORA DE LA ÚLTIMA TRANSACCIÓN
campo de control 20230906200242.0
007 - CAMPO FIJO DE DESCRIPCIÓN FÍSICA--INFORMACIÓN GENERAL
campo de control de longitud fija t|
008 - DATOS DE LONGITUD FIJA--INFORMACIÓN GENERAL
campo de control de longitud fija 070920s1980 sp ||||1| spa d
020 ## - NÚMERO INTERNACIONAL ESTÁNDAR DEL LIBRO
Número Internacional Estándar del Libro 84-259-0634-2
080 ## - NÚMERO DE LA CLASIFICACIÓN DECIMAL UNIVERSAL
Número de la Clasificación Decimal Universal 351
100 1# - ENTRADA PRINCIPAL--NOMBRE DE PERSONA
Nombre de persona Villar Ezcurra, José Luis.
9 (RLIN) 115086
245 10 - MENCIÓN DEL TÍTULO
Título Servicio público y técnicas de conexión /
Mención de responsabilidad, etc. José Luis Ezcurra ; prólogo de José Luis Villar Palasí.
260 ## - PUBLICACIÓN, DISTRIBUCIÓN, ETC.
Lugar de publicación, distribución, etc. Madrid :
Nombre del editor, distribuidor, etc. Centro de Estudios Constitucionales,
Fecha de publicación, distribución, etc. 1980.
300 ## - DESCRIPCIÓN FÍSICA
Extensión 334 p. ;
Dimensiones 21 cm.
490 1# - MENCIÓN DE SERIE
Mención de serie Estudios de Administración ;
Designación de volumen o secuencia 41
650 14 - PUNTO DE ACCESO ADICIONAL DE MATERIA--TÉRMINO DE MATERIA
Término de materia o nombre geográfico como elemento de entrada Servicios públicos-
Subdivisión geográfica España.
9 (RLIN) 17067
700 1# - ENTRADA AGREGADA--NOMBRE PERSONAL
Nombre de persona Villar Palasí, José Luis.
9 (RLIN) 115097
710 2# - ENTRADA AGREGADA--NOMBRE DE ENTIDAD CORPORATIVA
Nombre de entidad corporativa o nombre de jurisdicción como elemento de entrada Centro de Estudios Constitucionales (España)
9 (RLIN) 2618
830 0# - PUNTO DE ACCESO ADICIONAL DE SERIE-TÍTULO UNIFORME
Título uniforme Estudios de Administración ;
Designación de volumen o secuencia 41
9 (RLIN) 183321
852 ## - LOCALIZACIÓN
Ubicación ES-MaACL
Número de control de estantería A-10886
Sublocalización o colección R.100264
Holdings
Estatus retirado Estado de pérdida Estado de daño No para préstamo Biblioteca de origen Biblioteca actual Ubicación en estantería Fecha de adquisición Fuente de adquisición Total de préstamos Signatura topográfica completa Código de barras Visto por última vez Precio de reemplazo Tipo de ítem Koha
        Biblioteca del Ateneo de Madrid Biblioteca del Ateneo de Madrid Depósito 1 17/01/2008     A-10886 1146954 23/02/2023 23/02/2023 Libro impreso